| 000 | 00920cam a22002774a 4500 | ||
|---|---|---|---|
| 001 | 14351306 | ||
| 005 | 20180110074535.0 | ||
| 008 | 060424s2007 nju b 001 0 eng | ||
| 010 | _a 2006040596 | ||
| 020 | _a0131961926 | ||
| 020 | _a9780131961920 | ||
| 035 | _a(OCoLC)ocm67922465 | ||
| 035 | _a(OCoLC)67922465 | ||
| 040 |
_aDLC _cDLC _dBAKER _dC#P _dYDXCP _dOCLCQ _dBTCTA _dDLC |
||
| 041 | _aeng | ||
| 042 | _apcc | ||
| 080 | _a71.9043 UND | ||
| 082 | 0 | 0 |
_a371.9043 UND _222 |
| 100 | 1 | _a46 | |
| 101 | _aEDU | ||
| 245 | 1 | 4 |
_aThe effective special education teacher : _cLaurie U. deBettencourt, Lori A. Howard. |
| 504 | _aIncludes bibliographical references (p. 167) and index. | ||
| 906 |
_a7 _bcbc _corignew _d1 _eocip _f20 _gy-gencatlg |
||
| 942 |
_2ddc _cBK |
||
| 999 |
_c40009 _d40009 |
||